Countries who opposed removing Russian Troops from Transnistria - Statistics

General Stats
  • This quiz has been taken 115 times
  • The average score is 8 of 15
Answer Stats
Hint Answer % Correct
2 Belarus
87%
10 Russia
87%
9 North Korea
76%
6 Iran
69%
13 Syria
68%
1 Armenia
65%
14 Venezuela
59%
5 Cuba
57%
8 Nicaragua
44%
12 Sudan
37%
15 Zimbabwe
32%
7 Myanmar
29%
3 Bolivia
27%
11 South Sudan
24%
4 Burundi
16%
No matching quizzes found
Score Distribution
Percent of People with Each Score
Percentile by Number Answered
Your Score History
You have not taken this quiz